[Event "DEM U18 2011"]
[Site "Oberhof GER"]
[Date "2011.06.15"]
[Round "6"]
[White "Frischmann, Rick"]
[Black "Graf, Felix"]
[Result "0-1"]
[Termination "normal"]
[Board "4"]
[WhiteElo "1936"]
[BlackElo "2318"]
[PlyCount "86"]
[WhiteFideId "24660752"]
[BlackFideId "24608904"]
[EventCountry "GER"]
[EventRounds "9"]
[EventType "swiss"]
[EventDate "2011.06.11"]

1. e4 e6 2. d4 d5 3. Nc3 Nf6 4. e5 Nfd7 5. Nce2 c5 6. c3 Nc6 7. f4 b5 8. Nf3 g6
9. g4 b4 10. f5 bxc3 11. bxc3 cxd4 12. cxd4 Bb4+ 13. Bd2 Qa5 14. Rc1 Ndb8 15.
Bxb4 Nxb4 16. Rxc8+ Kd7 17. Rc3 Nxa2 18. Qd2 Nxc3 19. Qxc3 Qxc3+ 20. Nxc3 gxf5
21. gxf5 Rg8 22. Bh3 Ke7 23. Ke2 Nd7 24. Nb5 Rgb8 25. Nd6 Rb2+ 26. Ke3 Rb3+ 27.
Kf4 f6 28. fxe6 fxe5+ 29. dxe5 Rxf3+ 30. Kxf3 Nxe5+ 31. Kf4 Kxd6 32. Ra1 a5 33.
Kf5 Nc6 34. Re1 a4 35. Kf6 a3 36. Ra1 a2 37. Bg4 Nb4 38. e7 Re8 39. Bd1 Rxe7
40. Bf3 Re3 41. Bg4 Ra3 42. Bf5 Ra7 43. h4 d4 0-1

[Event "DEM U18 2011"]
[Site "Oberhof GER"]
[Date "2011.06.15"]
[Round "6"]
[White "Günnigmann, Manuel"]
[Black "Bräuer, Franz"]
[Result "0-1"]
[Termination "normal"]
[Board "5"]
[WhiteElo "2205"]
[BlackElo "2084"]
[PlyCount "106"]
[WhiteFideId "24640360"]
[BlackFideId "24634468"]
[EventCountry "GER"]
[EventRounds "9"]
[EventType "swiss"]
[EventDate "2011.06.11"]

1. e4 e6 2. d4 d5 3. Nc3 Nf6 4. e5 Nfd7 5. Nce2 c5 6. c3 Nc6 7. f4 Qb6 8. Nf3
Be7 9. g3 O-O 10. Bh3 f6 11. O-O cxd4 12. Nexd4 Ndxe5 13. fxe5 fxe5 14. Nxe5
Rxf1+ 15. Qxf1 Nxe5 16. Qe2 Bf6 17. Kh1 Bd7 18. a4 Re8 19. a5 Qa6 20. Qxa6 bxa6
21. Bf1 Nc6 22. Be3 Rb8 23. Rb1 Nxa5 24. Bxa6 e5 25. Ne2 Bf5 26. Ra1 Nc6 27. b4
Be4+ 28. Kg1 d4 29. Bd2 Bd5 30. cxd4 exd4 31. Nf4 Bf7 32. Nd3 Be7 33. b5 Nd8
34. Bf4 Rb6 35. Rc1 g5 36. Be5 Bg6 37. Nf2 d3 38. Rd1 Bc5 39. Kf1 Nf7 40. Bc3
Rd6 41. Bb7 Bd4 42. Bxd4 Rxd4 43. Ra1 Nd6 44. Bc6 d2 45. Ke2 Bf7 46. Rxa7 Bc4+
47. Kf3 g4+ 48. Kg2 Nxb5 49. Bxb5 Bxb5 50. h3 Bc6+ 51. Kg1 d1=Q+ 52. Nxd1 Rxd1+
53. Kf2 gxh3 0-1

[Event "DEM U18 2011"]
[Site "Oberhof GER"]
[Date "2011.06.15"]
[Round "6"]
[White "Wittke, Rene"]
[Black "Grünter, Martin"]
[Result "0-1"]
[Termination "normal"]
[Board "6"]
[WhiteElo "2033"]
[BlackElo "2239"]
[PlyCount "50"]
[WhiteFideId "24640255"]
[BlackFideId "24640352"]
[EventCountry "GER"]
[EventRounds "9"]
[EventType "swiss"]
[EventDate "2011.06.11"]

1. e4 c5 2. Nf3 e6 3. c4 d6 4. Nc3 Nf6 5. d4 cxd4 6. Nxd4 a6 7. Be2 Qc7 8. O-O
b6 9. Be3 Bb7 10. f3 Nbd7 11. Rc1 Rc8 12. b4 Be7 13. Qb3 O-O 14. Rfd1 Rfe8 15.
Qb1 Qb8 16. Rd2 Bd8 17. Na4 Bc7 18. c5 dxc5 19. bxc5 Bxh2+ 20. Kf1 bxc5 21. Nb3
Bf4 22. Bxf4 Qxf4 23. Rcd1 Bxe4 24. Qa1 Bxf3 25. Bxf3 Qxa4 0-1

[Event "DEM U18 2011"]
[Site "Oberhof GER"]
[Date "2011.06.15"]
[Round "6"]
[White "Künstler, Christian"]
[Black "Kugler, Florian"]
[Result "1/2-1/2"]
[Termination "normal"]
[Board "7"]
[WhiteElo "2060"]
[BlackElo "2210"]
[PlyCount "57"]
[WhiteFideId "24602361"]
[BlackFideId "4633300"]
[EventCountry "GER"]
[EventRounds "9"]
[EventType "swiss"]
[EventDate "2011.06.11"]

1. Nf3 Nf6 2. c4 d5 3. cxd5 Nxd5 4. Nc3 Nxc3 5. bxc3 g6 6. g3 b6 7. Bg2 Bb7 8.
Qb3 e6 9. O-O Bg7 10. Ba3 Nd7 11. d4 Qc8 12. Ng5 Bxg2 13. Nxe6 Bf6 14. Kxg2
Qb7+ 15. f3 fxe6 16. Qxe6+ Kd8 17. e4 Qa6 18. Bb4 Qa4 19. e5 a5 20. exf6 axb4
21. Qe7+ Kc8 22. cxb4 Rf8 23. f7 Qc2+ 24. Rf2 Qf5 25. Rc1 Qxf7 26. Qd6 Ra7 27.
Rfc2 Qxf3+ 28. Kg1 Kd8 29. Rxc7 1/2-1/2

[Event "DEM U18 2011"]
[Site "Oberhof GER"]
[Date "2011.06.15"]
[Round "6"]
[White "Cremer, Jan Paul"]
[Black "Kahleys, Kevin"]
[Result "1-0"]
[Termination "normal"]
[Board "8"]
[WhiteElo "2026"]
[BlackElo "2148"]
[PlyCount "83"]
[WhiteFideId "24686115"]
[BlackFideId "24669601"]
[EventCountry "GER"]
[EventRounds "9"]
[EventType "swiss"]
[EventDate "2011.06.11"]

1. e4 e6 2. d4 d5 3. Nd2 Nf6 4. e5 Nfd7 5. Bd3 c5 6. c3 Nc6 7. Ngf3 Qb6 8. O-O
h6 9. Re1 g5 10. c4 Nb4 11. Bb1 g4 12. Nh4 h5 13. a3 Nc6 14. cxd5 Nxd4 15. Nc4
Qb3 16. dxe6 Qxc4 17. exf7+ Kd8 18. Bg5+ Kc7 19. e6 Nxe6 20. Ba2 Qxa2 21. Rxa2
Nxg5 22. Qd5 Nxf7 23. Qxf7 Bd6 24. Ng6 Rd8 25. b4 b6 26. bxc5 Bxc5 27. Rd1 h4
28. Rad2 g3 29. hxg3 hxg3 30. Qf4+ Kb7 31. Qf3+ Ka6 32. Qxa8 gxf2+ 33. Rxf2 Rg8
34. Rxd7 Rxg6 35. Qxc8+ Kb5 36. Rd5 a5 37. Rxc5+ bxc5 38. Qe8+ Rc6 39. a4+ Kb6
40. Qb8+ Ka6 41. Qb5+ Ka7 42. Rf7+ 1-0

[Event "DEM U18 2011"]
[Site "Oberhof GER"]
[Date "2011.06.15"]
[Round "6"]
[White "Wenninger, Philipp"]
[Black "Dünzel, Jonas"]
[Result "1-0"]
[Termination "normal"]
[Board "9"]
[WhiteElo "2130"]
[BlackElo "2091"]
[PlyCount "75"]
[WhiteFideId "4648404"]
[BlackFideId "24631167"]
[EventCountry "GER"]
[EventRounds "9"]
[EventType "swiss"]
[EventDate "2011.06.11"]

1. d4 Nf6 2. c4 e6 3. g3 d5 4. Nf3 c5 5. cxd5 Nxd5 6. Bg2 Nc6 7. O-O Nf6 8. Ne5
Bd7 9. Nxc6 Bxc6 10. Bxc6+ bxc6 11. Qa4 cxd4 12. Qxc6+ Nd7 13. Rd1 Rc8 14. Qa4
Bc5 15. b4 Bb6 16. Bb2 e5 17. Na3 O-O 18. Qb3 Qf6 19. Nc4 Bc7 20. e3 Nb6 21.
exd4 Nxc4 22. Qxc4 Bb6 23. Qe2 exd4 24. a4 Rfe8 25. Qd2 Qf5 26. Re1 Red8 27.
Rac1 a6 28. Rxc8 Qxc8 29. a5 Ba7 30. Re7 Qb8 31. Qd3 Qxb4 32. Ba3 Qb8 33. Qf5
Rf8 34. Rd7 g6 35. Qd5 d3 36. Bxf8 Bxf2+ 37. Kg2 Qxf8 38. Rd8 1-0

[Event "DEM U18 2011"]
[Site "Oberhof GER"]
[Date "2011.06.15"]
[Round "6"]
[White "Kartsev, Alexandr"]
[Black "Hahn, Markus"]
[Result "1-0"]
[Termination "normal"]
[Board "10"]
[WhiteElo "2184"]
[BlackElo "2108"]
[PlyCount "135"]
[WhiteFideId "24647110"]
[BlackFideId "24654647"]
[EventCountry "GER"]
[EventRounds "9"]
[EventType "swiss"]
[EventDate "2011.06.11"]

1. e4 c5 2. c3 d6 3. d4 Nf6 4. f3 Nbd7 5. Be3 Qc7 6. Bd3 g6 7. Ne2 Bg7 8. Qd2
O-O 9. Bh6 e5 10. d5 c4 11. Bc2 a6 12. h4 Rd8 13. Bxg7 Kxg7 14. g4 Nf8 15. h5
Qe7 16. Ng3 N6d7 17. a4 b6 18. Qe2 Qf6 19. Nd2 a5 20. Qxc4 Ba6 21. Qb3 Nc5 22.
Qa3 Qf4 23. Ne2 Bxe2 24. Kxe2 Nfd7 25. Nc4 Nf6 26. Rag1 Nxd5 27. g5 gxh5 28.
Rxh5 Ne7 29. b4 axb4 30. Qa1 Ne6 31. Rg4 bxc3 32. Qh1 Nd4+ 33. Kf2 Qxf3+ 34.
Qxf3 Nxf3 35. Kxf3 Nc6 36. Rh2 Nd4+ 37. Ke3 Nxc2+ 38. Rxc2 Rxa4 39. Nxb6 Ra3
40. Kd3 Kg6 41. Nd5 Rda8 42. Rh4 Ra2 43. Rxc3 R2a3 44. Rg4 Rxc3+ 45. Nxc3 Rg8
46. Rg1 Rg7 47. Nd5 Kh5 48. Nf6+ Kh4 49. Rg4+ Kh3 50. Kc4 Rg6 51. Rg1 Kh2 52.
Rf1 Rxg5 53. Kd5 Kg2 54. Ra1 h5 55. Ra2+ Kg1 56. Ra8 h4 57. Rh8 Rg6 58. Ne8 Rg4
59. Nxd6 Kh2 60. Nxf7 h3 61. Nxe5 Rg7 62. Nf3+ Kg2 63. e5 Rg3 64. Ne1+ Kg1 65.
Ke4 Rg4+ 66. Kf3 Rg5 67. Kf4 Rg7 68. Rxh3 1-0

[Event "DEM U18 2011"]
[Site "Oberhof GER"]
[Date "2011.06.15"]
[Round "6"]
[White "Donchenko, Alexander"]
[Black "Jäger, Tobias"]
[Result "1-0"]
[Termination "normal"]
[Board "11"]
[WhiteElo "2239"]
[BlackElo "2059"]
[PlyCount "120"]
[WhiteFideId "24603295"]
[BlackFideId "12902691"]
[EventCountry "GER"]
[EventRounds "9"]
[EventType "swiss"]
[EventDate "2011.06.11"]

1. d4 Nf6 2. Nf3 g6 3. c4 Bg7 4. g3 O-O 5. Bg2 d5 6. O-O dxc4 7. Na3 c3 8. bxc3
c5 9. Ne5 Nc6 10. Nac4 Nd5 11. Bb2 Be6 12. Rb1 Nb6 13. Nxc6 bxc6 14. Na5 Bxa2
15. Ra1 Bd5 16. dxc5 Bxg2 17. Qxd8 Rfxd8 18. Kxg2 Nd5 19. Nxc6 Rdc8 20. Ra6 Kf8
21. Rd1 Nxc3 22. Bxc3 Bxc3 23. Rd7 e6 24. Kf3 h5 25. Ke3 Ke8 26. Re7+ Kf8 27.
Rb7 Ke8 28. f3 Kf8 29. Kd3 Be1 30. g4 hxg4 31. fxg4 Ke8 32. h3 Bg3 33. Kc4 Bf2
34. Kb5 Kf8 35. Rbxa7 Rxa7 36. Rxa7 Kg7 37. Rd7 Rh8 38. Nd8 Bxc5 39. Kxc5 Rxh3
40. Rxf7+ Kh6 41. Rf3 Rh2 42. Nxe6 g5 43. Rf6+ Kh7 44. Nxg5+ Kg7 45. Re6 Rg2
46. Re4 Kg6 47. Nf3 Rf2 48. Kd4 Rf1 49. Ke3 Ra1 50. Kf4 Ra6 51. Nh4+ Kf7 52. g5
Rb6 53. Ra4 Rb2 54. e4 Rb5 55. Nf5 Rb6 56. Ra7+ Kf8 57. Ne3 Rb1 58. Kf5 Rb6 59.
Nd5 Rc6 60. e5 Rf6+ 1-0

[Event "DEM U18 2011"]
[Site "Oberhof GER"]
[Date "2011.06.15"]
[Round "6"]
[White "Bluma, Marcel"]
[Black "Müller, Tobias"]
[Result "1/2-1/2"]
[Termination "normal"]
[Board "12"]
[WhiteElo "2099"]
[BlackElo "2118"]
[PlyCount "84"]
[WhiteFideId "1270526"]
[BlackFideId "24643394"]
[EventCountry "GER"]
[EventRounds "9"]
[EventType "swiss"]
[EventDate "2011.06.11"]

1. e4 c5 2. Nf3 d6 3. d4 cxd4 4. Nxd4 Nf6 5. Nc3 g6 6. Bg5 Bg7 7. Bb5+ Bd7 8.
Qe2 a6 9. Bxd7+ Nbxd7 10. O-O-O Qa5 11. f4 Rc8 12. Nb3 Qc7 13. Rhe1 h6 14. Bxf6
Bxf6 15. Nd5 Qc4 16. Qxc4 Rxc4 17. Na5 Rc5 18. Nxb7 Bxb2+ 19. Kb1 Rc8 20. Nxd6+
exd6 21. Kxb2 f6 22. Rd3 Kf7 23. Nc3 Rc6 24. Red1 Rb8+ 25. Ka1 Nb6 26. Rb1 Rbc8
27. Rb3 h5 28. h3 Ke6 29. g4 hxg4 30. hxg4 Rh8 31. a4 Rh2 32. f5+ gxf5 33.
exf5+ Ke5 34. Rb4 Rxc3 35. Rxc3 Nd5 36. Rbc4 Nxc3 37. Rxc3 Rg2 38. Re3+ Kd5 39.
Rd3+ Kc5 40. Rc3+ Kd5 41. Rd3+ Kc5 42. Rc3+ Kd5 1/2-1/2

[Event "DEM U18 2011"]
[Site "Oberhof GER"]
[Date "2011.06.15"]
[Round "6"]
[White "Frank, Christian"]
[Black "Gruber, Roland"]
[Result "1-0"]
[Termination "normal"]
[Board "14"]
[WhiteElo "2043"]
[BlackElo "1882"]
[PlyCount "59"]
[WhiteFideId "24658324"]
[BlackFideId "1270975"]
[EventCountry "GER"]
[EventRounds "9"]
[EventType "swiss"]
[EventDate "2011.06.11"]

1. d4 e6 2. c4 Nf6 3. Nc3 d5 4. cxd5 exd5 5. Bg5 Be7 6. e3 O-O 7. Bd3 c6 8. Qc2
Nbd7 9. Nge2 Re8 10. O-O Nf8 11. f3 Nh5 12. Bxe7 Qxe7 13. e4 dxe4 14. fxe4 Be6
15. Rae1 Ng6 16. e5 Nf8 17. Ne4 Red8 18. Rf2 h6 19. Ref1 Nd7 20. Nd6 f6 21. Nf5
Bxf5 22. Rxf5 g6 23. Bc4+ Kg7 24. Rxh5 gxh5 25. Nf4 Qe8 26. Qf5 fxe5 27. dxe5
b5 28. Bd3 Nf8 29. Nxh5+ Kh8 30. Qf6+ 1-0

[Event "DEM U18 2011"]
[Site "Oberhof GER"]
[Date "2011.06.15"]
[Round "6"]
[White "Müller, Richard"]
[Black "Theurich, Joel"]
[Result "1-0"]
[Termination "normal"]
[Board "15"]
[WhiteElo "2032"]
[BlackElo "1511"]
[PlyCount "47"]
[WhiteFideId "24647128"]
[BlackFideId "12930393"]
[EventCountry "GER"]
[EventRounds "9"]
[EventType "swiss"]
[EventDate "2011.06.11"]

1. d4 d5 2. c4 c6 3. Nf3 Nf6 4. e3 g6 5. Nc3 Bg7 6. Bd3 O-O 7. O-O Be6 8. b3
Nbd7 9. Qe2 Bg4 10. cxd5 Nxd5 11. Nxd5 cxd5 12. Ba3 Re8 13. h3 Bf5 14. Bxf5
gxf5 15. Qb5 Nb6 16. Rac1 e6 17. Rc2 Rc8 18. Rxc8 Qxc8 19. Rc1 Qd8 20. Rc7 Qa8
21. Rxb7 Rc8 22. Qa6 Rc2 23. Rxa7 Qd8 24. Qb7 1-0

[Event "DEM U18 2011"]
[Site "Oberhof GER"]
[Date "2011.06.16"]
[Round "7"]
[White "Blübaum, Matthias"]
[Black "Kotainy, Jens"]
[Result "1/2-1/2"]
[Termination "normal"]
[Board "1"]
[WhiteTitle "FM"]
[BlackTitle "FM"]
[WhiteElo "2300"]
[BlackElo "2415"]
[PlyCount "114"]
[WhiteFideId "24651516"]
[BlackFideId "24670499"]
[EventCountry "GER"]
[EventRounds "9"]
[EventType "swiss"]
[EventDate "2011.06.11"]

1. d4 e6 2. c4 Nf6 3. Nc3 Bb4 4. Qc2 O-O 5. a3 Bxc3+ 6. Qxc3 b5 7. cxb5 c6 8.
Bg5 cxb5 9. e3 Bb7 10. Nf3 h6 11. Bh4 g5 12. Bg3 Ne4 13. Qc2 d6 14. Nd2 Nxg3
15. hxg3 Kg7 16. Bxb5 Bxg2 17. Rg1 Bb7 18. Rc1 Qb6 19. Qb3 Bd5 20. Bc4 Qxb3 21.
Bxb3 Bxb3 22. Nxb3 Nd7 23. Nd2 Rac8 24. Ke2 d5 25. b4 Kg6 26. Nb3 Nb6 27. Nc5
Nc4 28. g4 Nxa3 29. Ra1 Nb5 30. Ra5 Nc3+ 31. Kd3 Ne4 32. Nxe4 dxe4+ 33. Kxe4
f5+ 34. gxf5+ exf5+ 35. Kf3 Rb8 36. Rxa7 Rxb4 37. Rc1 Rf6 38. Rd7 f4 39. exf4
Rxf4+ 40. Kg2 Rbxd4 41. Rc6+ Kh5 42. Rxd4 Rxd4 43. f3 Rf4 44. Kg3 Rf7 45. Ra6
Rg7 46. Rb6 Rg6 47. Rxg6 Kxg6 48. f4 Kf5 49. fxg5 hxg5 50. Kf3 g4+ 51. Kg3 Kg5
52. Kg2 Kf4 53. Kf2 g3+ 54. Kg2 Kg4 55. Kg1 Kf3 56. Kf1 g2+ 57. Kg1 Kg3 1/2-1/2

[Event "DEM U18 2011"]
[Site "Oberhof GER"]
[Date "2011.06.16"]
[Round "7"]
[White "Raum, Sebastian"]
[Black "Svane, Rasmus"]
[Result "1-0"]
[Termination "normal"]
[Board "2"]
[WhiteElo "2076"]
[BlackElo "2297"]
[PlyCount "115"]
[WhiteFideId "24673935"]
[BlackFideId "4657101"]
[EventCountry "GER"]
[EventRounds "9"]
[EventType "swiss"]
[EventDate "2011.06.11"]

1. e4 e6 2. d4 d5 3. Bd3 c5 4. exd5 exd5 5. Nf3 Nc6 6. O-O Bd6 7. dxc5 Bxc5 8.
Nbd2 Nge7 9. Nb3 Bb6 10. Bf4 O-O 11. c3 Bf5 12. Re1 Qd7 13. Qd2 Rad8 14. Be3
Bxe3 15. Rxe3 Bxd3 16. Rxd3 Qg4 17. h3 Qc4 18. Re1 Ng6 19. Nfd4 Nce5 20. Rg3
Qc7 21. Nf5 Nc4 22. Qd4 f6 23. Re7 Qxe7 24. Nxe7+ Nxe7 25. Qxa7 Nf5 26. Rf3
Nfd6 27. Nd4 Rfe8 28. b3 Re1+ 29. Kh2 Nd2 30. g4 Nxf3+ 31. Nxf3 Re2 32. Qb6 Nf7
33. a4 h5 34. gxh5 Re7 35. a5 Rc8 36. Qd4 Rd7 37. c4 Rcd8 38. c5 Re7 39. Nd2
Ne5 40. b4 Nc6 41. Qc3 d4 42. Qc4+ Kh8 43. a6 d3 44. axb7 Rxb7 45. b5 Ne5 46.
Qa4 Re7 47. c6 Rc8 48. Nc4 Nxc4 49. Qxc4 d2 50. Qd3 Re5 51. Qxd2 Rxb5 52. Qd7
Rbb8 53. c7 Ra8 54. h6 gxh6 55. Kg3 Rg8+ 56. Kh4 Rae8 57. Kh5 Re5+ 58. Kxh6 1-0

[Event "DEM U18 2011"]
[Site "Oberhof GER"]
[Date "2011.06.16"]
[Round "7"]
[White "Graf, Felix"]
[Black "Bräuer, Franz"]
[Result "1-0"]
[Termination "normal"]
[Board "3"]
[WhiteElo "2318"]
[BlackElo "2084"]
[PlyCount "55"]
[WhiteFideId "24608904"]
[BlackFideId "24634468"]
[EventCountry "GER"]
[EventRounds "9"]
[EventType "swiss"]
[EventDate "2011.06.11"]

1. d4 Nf6 2. Nf3 g6 3. c4 Bg7 4. Nc3 O-O 5. Bg5 d6 6. e3 h6 7. Bh4 Bf5 8. h3 g5
9. Bg3 Nbd7 10. Bd3 Bxd3 11. Qxd3 Nh5 12. Bh2 f5 13. c5 Kh8 14. O-O-O a6 15. g4
Nhf6 16. gxf5 b5 17. h4 Ng4 18. Qc2 b4 19. Ne4 Rxf5 20. Nexg5 Qf8 21. Bf4 b3
22. axb3 Nxc5 23. Kb1 e5 24. dxc5 exf4 25. Rd5 Ne5 26. Nd4 Rxg5 27. hxg5 Qf7
28. e4 1-0

[Event "DEM U18 2011"]
[Site "Oberhof GER"]
[Date "2011.06.16"]
[Round "7"]
[White "Kartsev, Alexandr"]
[Black "Berchtenbreiter, Maximilian"]
[Result "0-1"]
[Termination "normal"]
[Board "4"]
[WhiteElo "2184"]
[BlackElo "2284"]
[PlyCount "56"]
[WhiteFideId "24647110"]
[BlackFideId "24641120"]
[EventCountry "GER"]
[EventRounds "9"]
[EventType "swiss"]
[EventDate "2011.06.11"]

1. e4 e5 2. Nc3 Nc6 3. f4 exf4 4. Nf3 d6 5. Bb5 g5 6. O-O h6 7. d4 Bg7 8. g3
fxg3 9. d5 a6 10. Ba4 b5 11. Nxb5 axb5 12. Bxb5 Bd7 13. dxc6 Bh3 14. Re1 g4 15.
hxg3 gxf3 16. Qxf3 Nf6 17. b4 Ng4 18. c3 Ne5 19. Qf2 h5 20. Bf4 Be6 21. a4 h4
22. Be2 Ng6 23. Ra3 hxg3 24. Bxg3 Qg5 25. Qg2 Bh3 26. Qf2 Be5 27. Kh2 Bxg3+ 28.
Qxg3 Bf1+ 0-1

[Event "DEM U18 2011"]
[Site "Oberhof GER"]
[Date "2011.06.16"]
[Round "7"]
[White "Grünter, Martin"]
[Black "Petermann, Michail"]
[Result "1-0"]
[Termination "normal"]
[Board "5"]
[WhiteElo "2239"]
[BlackElo "2134"]
[PlyCount "55"]
[WhiteFideId "24640352"]
[BlackFideId "24643530"]
[EventCountry "GER"]
[EventRounds "9"]
[EventType "swiss"]
[EventDate "2011.06.11"]

1. e4 d5 2. exd5 Qxd5 3. Nc3 Qd6 4. d4 Nf6 5. Nf3 c6 6. Ne5 Nbd7 7. Nc4 Qc7 8.
Qf3 Nb6 9. Bf4 Qd8 10. Ne5 Qxd4 11. Rd1 Qc5 12. a3 Nbd7 13. Nc4 Qh5 14. Qe3 e5
15. Be2 Ng4 16. Bxg4 Qxg4 17. Nxe5 Nxe5 18. Bxe5 Qxg2 19. Bxg7+ Be6 20. Bxh8
Qxh1+ 21. Ke2 Qxh2 22. Ne4 Be7 23. Nf6+ Kf8 24. b3 Rd8 25. Qg5 Bg4+ 26. Qxg4
Qe5+ 27. Kf3 Bxf6 28. Rxd8+ 1-0

[Event "DEM U18 2011"]
[Site "Oberhof GER"]
[Date "2011.06.16"]
[Round "7"]
[White "Wenninger, Philipp"]
[Black "Cremer, Jan Paul"]
[Result "1-0"]
[Termination "normal"]
[Board "6"]
[WhiteElo "2130"]
[BlackElo "2026"]
[PlyCount "129"]
[WhiteFideId "4648404"]
[BlackFideId "24686115"]
[EventCountry "GER"]
[EventRounds "9"]
[EventType "swiss"]
[EventDate "2011.06.11"]

1. d4 Nf6 2. c4 e6 3. g3 d5 4. Nf3 Be7 5. Bg2 O-O 6. O-O dxc4 7. Qa4 a6 8. Qxc4
b5 9. Qc2 Bb7 10. Bd2 Be4 11. Qc1 Bb7 12. Qc2 Be4 13. Qc1 Bb7 14. Bf4 Nd5 15.
Nc3 Nxf4 16. Qxf4 Bd6 17. Qe3 Nd7 18. Rfd1 Rc8 19. a4 b4 20. Ne4 Qe7 21. Rac1
Bxe4 22. Qxe4 c5 23. Qb7 Nb8 24. Qxe7 Bxe7 25. dxc5 Bxc5 26. Ne5 f6 27. Nd3 Bd6
28. Bb7 Rcd8 29. Kg2 Kf7 30. a5 Rd7 31. Bf3 Rfd8 32. Rc4 Rc7 33. Rd4 Rcd7 34.
Rc1 Be7 35. Rxd7 Rxd7 36. Rc4 Bd6 37. Nxb4 Rc7 38. Nc6 Nxc6 39. Bxc6 Ke7 40. b4
Be5 41. f4 Bb2 42. b5 axb5 43. Bxb5 Rxc4 44. Bxc4 Bd4 45. Kf3 Kd6 46. Bd3 g6
47. h4 f5 48. Bc4 h6 49. Bb5 Ke7 50. e3 Ba7 51. e4 fxe4+ 52. Kxe4 Kf6 53. g4
Ke7 54. a6 Bb8 55. Bd3 Kf6 56. g5+ Kf7 57. Kd4 hxg5 58. hxg5 Ba7+ 59. Kc4 Bb8
60. Kb5 e5 61. fxe5 Ke6 62. Kc6 Ba7 63. Bxg6 Kxe5 64. Bb1 Be3 65. Kb7 1-0

[Event "DEM U18 2011"]
[Site "Oberhof GER"]
[Date "2011.06.16"]
[Round "7"]
[White "Kugler, Florian"]
[Black "Frischmann, Rick"]
[Result "1-0"]
[Termination "normal"]
[Board "7"]
[WhiteElo "2210"]
[BlackElo "1936"]
[PlyCount "61"]
[WhiteFideId "4633300"]
[BlackFideId "24660752"]
[EventCountry "GER"]
[EventRounds "9"]
[EventType "swiss"]
[EventDate "2011.06.11"]

1. d4 d5 2. c4 c6 3. e3 Nf6 4. Qc2 a6 5. b3 g6 6. Bd3 Bg7 7. Nc3 O-O 8. Nf3
Nbd7 9. Bb2 b6 10. h4 h5 11. Ne2 Re8 12. Nf4 Nf8 13. Ne5 Bb7 14. Rh3 Ng4 15.
Nxf7 Kxf7 16. Bxg6+ Kg8 17. Nxh5 Qd6 18. Bxe8 Rxe8 19. Rg3 Bc8 20. Qe2 Qg6 21.
Nxg7 Kxg7 22. f3 Qd6 23. Rxg4+ Bxg4 24. fxg4 Qg3+ 25. Kd2 Qxh4 26. Rf1 Nd7 27.
e4 Nf6 28. exd5 cxd5 29. Qe5 Kh7 30. cxd5 Nxg4 31. Rf7+ 1-0

[Event "DEM U18 2011"]
[Site "Oberhof GER"]
[Date "2011.06.16"]
[Round "7"]
[White "Wittke, Rene"]
[Black "Donchenko, Alexander"]
[Result "0-1"]
[Termination "normal"]
[Board "8"]
[WhiteElo "2033"]
[BlackElo "2239"]
[PlyCount "92"]
[WhiteFideId "24640255"]
[BlackFideId "24603295"]
[EventCountry "GER"]
[EventRounds "9"]
[EventType "swiss"]
[EventDate "2011.06.11"]

1. d4 d5 2. c4 dxc4 3. Nf3 a6 4. e3 Nf6 5. Bxc4 e6 6. O-O c5 7. Bb3 Nc6 8. Qe2
Qc7 9. Nc3 Bd6 10. dxc5 Bxc5 11. e4 Ng4 12. e5 Ngxe5 13. Bf4 Bd6 14. Nxe5 Bxe5
15. Nd5 exd5 16. Bxe5 Qxe5 17. Qxe5+ Nxe5 18. Rfe1 Be6 19. Rxe5 Rd8 20. Rd1 Rd6
21. Rdxd5 Kd7 22. Rxd6+ Kxd6 23. Re3 Rc8 24. Kf1 Rc1+ 25. Ke2 Rb1 26. Rd3+ Kc5
27. Bxe6 Rxb2+ 28. Ke3 fxe6 29. a4 Kc6 30. Rd4 a5 31. Rc4+ Kb6 32. Re4 Rb3+ 33.
Kd2 Kc5 34. Rxe6 Kb4 35. Re4+ Ka3 36. Kc1 g6 37. h4 Rb4 38. Rxb4 axb4 39. Kb1
Kxa4 40. g4 Kb5 41. f4 Kc5 42. g5 Kd5 43. f5 gxf5 44. h5 Ke5 45. g6 hxg6 46. h6
Kf6 0-1

[Event "DEM U18 2011"]
[Site "Oberhof GER"]
[Date "2011.06.16"]
[Round "7"]
[White "Dünzel, Jonas"]
[Black "Künstler, Christian"]
[Result "1/2-1/2"]
[Termination "normal"]
[Board "9"]
[WhiteElo "2091"]
[BlackElo "2060"]
[PlyCount "36"]
[WhiteFideId "24631167"]
[BlackFideId "24602361"]
[EventCountry "GER"]
[EventRounds "9"]
[EventType "swiss"]
[EventDate "2011.06.11"]

1. d4 d5 2. c4 c6 3. e3 Nf6 4. Nc3 e6 5. Nf3 Nbd7 6. Qb3 Bd6 7. Bd3 O-O 8. O-O
h6 9. e4 dxe4 10. Nxe4 Nxe4 11. Bxe4 e5 12. Be3 exd4 13. Bxd4 Nc5 14. Bxc5 Bxc5
15. Rad1 Qb6 16. Qc2 Be6 17. Nh4 Be7 18. Nf5 Bxf5 1/2-1/2

[Event "DEM U18 2011"]
[Site "Oberhof GER"]
[Date "2011.06.16"]
[Round "7"]
[White "Kahleys, Kevin"]
[Black "Günnigmann, Manuel"]
[Result "1/2-1/2"]
[Termination "normal"]
[Board "10"]
[WhiteElo "2148"]
[BlackElo "2205"]
[PlyCount "98"]
[WhiteFideId "24669601"]
[BlackFideId "24640360"]
[EventCountry "GER"]
[EventRounds "9"]
[EventType "swiss"]
[EventDate "2011.06.11"]

1. d4 Nf6 2. Nf3 g6 3. g3 Bg7 4. Bg2 d5 5. O-O O-O 6. c4 dxc4 7. Na3 c3 8. bxc3
c5 9. Bb2 Qb6 10. Qb3 Qxb3 11. axb3 Nc6 12. Nb5 Bd7 13. dxc5 Ne4 14. Rfd1 Rfd8
15. Nfd4 Nxc5 16. Nxc6 bxc6 17. Rxa7 Rxa7 18. Nxa7 Ra8 19. Nxc6 Bxc6 20. Bxc6
Ra7 21. Rb1 e6 22. Bc1 Bxc3 23. b4 Na4 24. Bxa4 Rxa4 25. b5 Ra7 26. b6 Rb7 27.
Be3 Kf8 28. Rc1 Be5 29. f4 Bb8 30. Kf2 h5 31. Ra1 Rd7 32. Bc5+ Ke8 33. Ra4 Rd5
34. Be3 Kd7 35. Rd4 Kc6 36. Rxd5 Kxd5 37. Kf3 f5 38. h3 Bd6 39. g4 hxg4+ 40.
hxg4 Bb8 41. Bf2 Bd6 42. gxf5 gxf5 43. Be3 Kc6 44. Kg3 Be7 45. Kf3 Bd8 46. Bd4
Bxb6 47. Ke3 Bd8 48. Be5 Kd5 49. Kd3 Ba5 1/2-1/2

[Event "DEM U18 2011"]
[Site "Oberhof GER"]
[Date "2011.06.16"]
[Round "7"]
[White "Hahn, Markus"]
[Black "Bluma, Marcel"]
[Result "1-0"]
[Termination "normal"]
[Board "11"]
[WhiteElo "2108"]
[BlackElo "2099"]
[PlyCount "75"]
[WhiteFideId "24654647"]
[BlackFideId "1270526"]
[EventCountry "GER"]
[EventRounds "9"]
[EventType "swiss"]
[EventDate "2011.06.11"]

1. d4 d5 2. Nf3 c5 3. c4 e6 4. g3 Nc6 5. Bg2 dxc4 6. Qa4 Qa5+ 7. Qxa5 Nxa5 8.
Na3 Bd7 9. Bd2 Nc6 10. dxc5 Bxc5 11. Nxc4 Nge7 12. O-O O-O 13. Rfd1 Rfd8 14.
Rac1 f6 15. a3 Nf5 16. e3 Be8 17. b4 Bf8 18. b5 Nce7 19. g4 Nh6 20. Nd4 Rd7 21.
g5 fxg5 22. Ne5 Rd6 23. Bb4 Nd5 24. Bxd6 Bxd6 25. Nc4 Bf8 26. Nxe6 Nb6 27. Nxb6
axb6 28. Bd5 Bf7 29. Nxf8 Kxf8 30. Bxf7 Nxf7 31. Rd7 Ne5 32. Rxb7 h5 33. Rcc7
g4 34. Rxg7 Nf3+ 35. Kg2 Nh4+ 36. Kf1 Rxa3 37. Rbf7+ Ke8 38. Ra7 1-0